000 00685nam a2200181 i 4500
001 84681
003 ES-MaACL
005 20230906175052.0
007 t|
008 041123s1949 sp ||||1| spa d
100 1 _aJenkins, Glenn L.
_966296
245 1 0 _aQuímica médica farmacéutica
_b: (medicamentos orgánicos) /
_cpor Glenn L. Jenkins y Walter H. Hartung ; traducción de la tercera edición americana por Juan M. García Marquina.
260 _aBarcelona :
_bManuel Marina,
_c[1949] (
_fGrijelmo)
300 _aVIII, 616 p. ;
_c24 cm.
700 1 _aHartung, Walter H.
_962007
700 1 _aGarcía-Marquina Rodrigo, Juan Marino.
_954892
852 _aES-MaACL
_jD-8593
_bR.33312
999 _c84681
_d84681